00000000cam 2200000zi 4500
0019.963279
003CaOODSP
00520260603103046
006m     o  d f      
007cr |n|||||||||
008260603e199304  onc     o    f000 0 fre d
040 |aCaOODSP|bfre|erda|cCaOODSP
043 |an-cn---
0861 |aJS22-79/1993F-PDF
24500|aRecommandations préliminaires du Groupe de travail sur les délinquants à risque élevé.
264 1|aOttawa (Ontario) : |b[Solliciteur général Canada], |cavril 1993.
300 |a1 ressource en ligne (101 pages)
336 |atexte|btxt|2rdacontent/fre
337 |ainformatique|bc|2rdamedia/fre
338 |aressource en ligne|bcr|2rdacarrier/fre
500 |aPublié aussi en anglais sous le titre : Report of preliminary recommendations by the Working Group on High Risk Offenders.
500 |aÉdition numérisée de l'imprimé [par Sécurité publique Canada].
650 6|aDroit pénal|zCanada.
650 6|aCriminels|xÉvaluation du risque|zCanada.
650 6|aRéhabilitation|zCanada.
7101 |aCanada. |bSolliciteur général Canada, |eorganisme de publication.
77508|tReport of preliminary recommendations by the Working Group on High Risk Offenders.|w(CaOODSP)9.958147
85640|qPDF|s2.26 Mo|uhttps://publications.gc.ca/collections/collection_2026/sp-ps/JS22-79-1993-fra.pdf